Top 100 Football Players 2017 - Statistics

General Stats
  • This quiz has been taken 1,471 times
  • The average score is 71 of 100
Answer Stats
Rank Player Club Country % Correct
2 Cristiano Ronaldo Real Madrid Portugal
100%
1 Lionel Messi Barcelona Argentina
100%
3 Neymar Paris SG Brazil
99%
5 Harry Kane Tottenham Hotspur England
98%
4 Kevin De Bruyne Manchester City Belgium
97%
6 Luka Modric Real Madrid Croatia
97%
10 Eden Hazard Chelsea Belgium
95%
8 Kylian Mbappé Paris SG France
95%
15 Luis Suarez Barcelona Uruguay
95%
7 Robert Lewandowski Bayern Munich Poland
95%
9 Toni Kroos Real Madrid Germany
94%
22 Mohamed Salah Liverpool Egypt
93%
11 Sergio Ramos Real Madrid Spain
93%
18 Antoine Griezmann Atletico Madrid France
92%
13 Edinson Cavani Paris SG Uruguay
92%
20 Sergio Agüero Manchester City Argentina
90%
17 N'Golo Kanté Chelsea France
88%
14 Paulo Dybala Juventus Argentina
87%
36 Sadio Mané Liverpool Senegal
86%
84 Bernardo Silva Manchester City Portugal
85%
38 David Silva Manchester City Spain
85%
50 Gareth Bale Real Madrid Wales
85%
19 Marcelo Real Madrid Brazil
85%
30 Paul Pogba Manchester United France
85%
76 Thiago Silva Paris SG Brazil
85%
25 Christian Eriksen Tottenham Hotspur Denmark
84%
21 Pierre-Emerick Aubameyang Borussia Dortmund Gabon
84%
32 Alexis Sanchez Arsenal Chile
83%
23 David De Gea Manchester United Spain
82%
16 Gianluigi Buffon Juventus Italy
82%
31 Dele Alli Tottenham Hotspur England
81%
37 Romelu Lukaku Manchester United Belgium
80%
60 Zlatan Ibrahimovic Manchester United Sweden
79%
29 Andrés Iniesta Barcelona Spain
77%
51 Karim Benzema Real Madrid France
77%
12 Isco Real Madrid Spain
76%
57 Ivan Rakitic Barcelona Croatia
76%
40 Manuel Neuer Bayern Munich Germany
76%
27 Dries Mertens Napoli Belgium
75%
35 Jan Oblak Atletico Madrid Slovenia
75%
78 Keylor Navas Real Madrid Costa Rica
75%
28 Casemiro Real Madrid Brazil
74%
58 Gerard Piqué Barcelona Spain
74%
43 Edin Dzeko AS Roma Bosnia
72%
34 Gonzalo Higuain Juventus Argentina
72%
56 Giorgio Chiellini Juventus Italy
71%
41 Radamel Falcao Monaco Colombia
71%
66 Arturo Vidal Bayern Munich Chile
70%
63 Diego Godin Atletico Madrid Uruguay
70%
24 Philippe Coutinho Liverpool Brazil
70%
46 Sergio Busquets Barcelona Spain
70%
55 Marc-André ter Stegen Barcelona Germany
69%
67 Mesut Özil Arsenal Germany
69%
95 Raphaël Varane Real Madrid France
69%
65 Thibaut Courtois Chelsea Belgium
69%
86 Dani Carvajal Real Madrid Spain
68%
96 Jamie Vardy Leicester City England
68%
49 Thiago Alcantara Bayern Munich Spain
67%
79 Arjen Robben Bayern Munich Netherlands
66%
59 Ousmane Dembélé Barcelona France
66%
100 Angel Di Maria Paris SG Argentina
65%
77 Christian Pulisic Borussia Dortmund USA
65%
81 Hugo Lloris Tottenham Hotspur France
65%
89 Jordi Alba Barcelona Spain
65%
45 Leonardo Bonucci AC Milan Italy
65%
94 David Alaba Bayern Munich Austria
64%
61 Leroy Sané Manchester City Germany
63%
48 Marco Verratti Paris SG Italy
63%
88 Koke Atletico Madrid Spain
62%
68 Diego Costa Atletico Madrid Spain
61%
85 Miralem Pjanic Juventus Bosnia
61%
62 Raheem Sterling Manchester City England
61%
74 Nemanja Matic Manchester United Serbia
60%
73 Samuel Umtiti Barcelona France
60%
39 Gabriel Jesus Manchester City Brazil
59%
44 Lorenzo Insigne Napoli Italy
59%
71 Ciro Immobile Lazio Italy
58%
26 Dani Alvès Paris SG Brazil
58%
64 Joshua Kimmich Bayern Munich Germany
58%
33 Mauro Icardi Inter Milan Argentina
58%
54 Timo Werner RB Leipzig Germany
58%
91 Fabinho Monaco Brazil
57%
42 Marco Asensio Real Madrid Spain
56%
75 Marcus Rashford Manchester United England
55%
52 César Azpilicueta Chelsea Spain
54%
98 Mario Mandzukic Juventus Croatia
54%
70 Mats Hummels Bayern Munich Germany
52%
93 Cesc Fabregas Chelsea Spain
51%
47 Alvaro Morata Chelsea Spain
50%
53 Naby Keita RB Leipzig Guinea
50%
83 David Luiz Chelsea Brazil
49%
92 Henrikh Mkhitaryan Manchester United Armenia
49%
80 Saul Niguez Atletico Madrid Spain
49%
82 Toby Alderweireld Tottenham Hotspur Belgium
47%
69 Emil Forsberg RB Leipzig Sweden
46%
97 Benjamin Mendy Manchester City France
42%
90 Alex Sandro Juventus Brazil
39%
72 Radja Nainggolan AS Roma Belgium
39%
87 Thomas Lemar Monaco France
33%
99 Adrien Rabiot Paris SG France
30%
No matching quizzes found
Score Distribution
Percent of People with Each Score
Percentile by Number Answered
Your Score History
You have not taken this quiz